[Event "Lansing Mini-Swiss.2"]
[Site "Lansing, MI"]
[Date "1998.??.??"]
[Round "?"]
[White "Seczney, E."]
[Black "Jointer, William"]
[Result "0-1"]
[WhiteElo "1605"]
[BlackElo "1605"]
[PlyCount "52"]
[EventDate "1998.??.??"]

1. e4 c5 2. Nc3 Nc6 3. f4 g6 4. Nf3 Bg7 5. d3 d6 6. Bd2 Nf6 7. h3 Bd7 8. Be2
Nh5 9. g4 Ng3 10. Rg1 Nxe2 11. Qxe2 Nd4 12. Nxd4 Bxd4 13. Rg3 Qb6 14. Rb1 h5
15. g5 h4 16. Rf3 O-O-O 17. Nd5 Qa6 18. Nxe7+ Kb8 19. Nd5 Qxa2 20. Qd1 Rhe8 21.
Nc3 Qe6 22. Be3 d5 23. Nxd5 Bb5 24. Qd2 Bc6 25. Nf6 Bxf6 26. gxf6 Bxe4 0-1

[Event "Michigan Invitational"]
[Site "Ann Arbor, MI"]
[Date "1998.??.??"]
[Round "?"]
[White "Seawald, Dennis"]
[Black "Hahn, David"]
[Result "1-0"]
[WhiteElo "2280"]
[BlackElo "2220"]
[PlyCount "69"]
[EventDate "1998.??.??"]

{6/27} 1. e4 d6 2. d4 Nf6 3. Nc3 g6 4. Nf3 Bg7 5. h3 O-O 6. Bd3 Na6 7. O-O c5
8. e5 dxe5 9. dxe5 Nd5 10. Nxd5 Qxd5 11. Qe2 Bf5 12. Bxf5 gxf5 13. Re1 Nc7 14.
Nh4 e6 15. Bg5 Qxe5 16. Qxe5 Bxe5 17. Rxe5 f6 18. Rxc5 Na6 19. Be3 Nxc5 20.
Bxc5 Rfc8 21. Bd4 Rc4 22. Bxf6 Rf8 23. Bg5 Rxc2 24. b3 Rfc8 25. Nf3 Rb2 26. Re1
Rcc2 27. Rd1 Rc7 28. Bh6 Kf7 29. Ne5+ Kf6 30. Bf4 Re7 31. Nf3 Rxa2 32. Bg5+ Kf7
33. Bxe7 Kxe7 34. Ne5 Re2 35. f4 {[Remainder illegible]} 1-0

[Event "Michigan Amateur"]
[Site "Kalamazoo "]
[Date "1998.??.??"]
[Round "?"]
[White "Scriber, Darin"]
[Black "Thomas, Courtney"]
[Result "1-0"]
[WhiteElo "1605"]
[BlackElo "1605"]
[PlyCount "63"]
[EventDate "1998.07.??"]

{7/19} 1. e4 d5 2. exd5 Nf6 3. Nc3 Bg4 4. Be2 Bxe2 5. Qxe2 Nxd5 6. Nf3 Nc6 7.
O-O e6 8. d3 Qd7 9. Nxd5 Qxd5 10. Bf4 O-O-O 11. Rfe1 Bc5 12. a3 Rhe8 13. Qe4
Qxe4 14. Rxe4 f6 15. Kf1 e5 16. Be3 Bd4 17. Bxd4 Nxd4 18. Nxd4 Rxd4 19. Rxd4
exd4 20. Re1 Rxe1+ 21. Kxe1 g5 22. Ke2 f5 23. Kf3 Kd7 24. Kg3 h5 25. h4 g4 26.
Kf4 Ke6 27. Kg5 c6 28. c4 c5 29. b4 cxb4 30. axb4 b6 31. b5 a5 32. bxa6 1-0

[Event "Michigan Amateur"]
[Site "Kalamazoo "]
[Date "1998.??.??"]
[Round "?"]
[White "Scriber, Darin"]
[Black "Councell, Keith"]
[Result "1-0"]
[WhiteElo "1605"]
[BlackElo "1605"]
[PlyCount "57"]
[EventDate "1998.07.??"]

{7/18} 1. e4 c6 2. d4 d5 3. Nc3 e6 4. e5 Nd7 5. Bf4 Ne7 6. Nf3 a6 7. Bd3 c5 8.
O-O Nc6 9. Be3 Qb6 10. Na4 Qa7 11. dxc5 Bxc5 12. Nxc5 Nxc5 13. b4 Nxb4 14. Be2
b6 15. Nd4 Bd7 16. f4 Qc7 17. Rf3 Nc6 18. Qf1 Ne7 19. Re1 b5 20. Qf2 Ne4 21.
Qh4 Nc3 22. Bd3 Ng6 23. Qh5 Qd8 24. Bf2 Nxa2 25. f5 Nf8 26. fxe6 g6 27. exf7+
Ke7 28. Bh4+ g5 29. Bxg5# 1-0

[Event "U.S. Amateur North"]
[Site "Detroit, MI"]
[Date "1998.??.??"]
[Round "?"]
[White "Scioly, Tony"]
[Black "Young, Corneil"]
[Result "1-0"]
[WhiteElo "1605"]
[BlackElo "1605"]
[PlyCount "97"]
[EventDate "1998.05.??"]

{5/24} 1. e4 e5 2. Nf3 d6 3. d4 exd4 4. Nxd4 Nf6 5. Nc3 Bg4 6. f3 Bd7 7. Bc4
Be7 8. O-O O-O 9. Be3 Nc6 10. a3 Ne5 11. Ba2 c5 12. Ndb5 Bxb5 13. Nxb5 Qd7 14.
Nc3 Rac8 15. Qd2 Rfd8 16. Rad1 b6 17. Qf2 Qb7 18. Nd5 Nxd5 19. Bxd5 Qc7 20. Qg3
Bf6 21. f4 Ng6 22. b3 Ne7 23. Bxf7+ Kxf7 24. e5 Nf5 25. Qh3 Qd7 26. exf6 Nxe3
27. Qxe3 gxf6 28. Qd3 Kg8 29. Rf3 Rc7 30. Rg3+ Kh8 31. Qd5 Rcc8 32. Rdd3 b5 33.
Rh3 c4 34. Rd1 cxb3 35. cxb3 Rc5 36. Qe4 Rg8 37. Rh6 Qg7 38. Rh3 Qd7 39. Rh6
Qg7 40. Rh4 d5 41. Qe2 d4 42. h3 d3 43. Rxd3 f5 44. Re3 Qa1+ 45. Kh2 Rc1 46.
Rxh7+ Kxh7 47. Qh5+ Kg7 48. Re7+ Kf6 49. Qf7# 1-0

[Event "U.S. Amateur North"]
[Site "Detroit, MI"]
[Date "1998.??.??"]
[Round "?"]
[White "Scioly, Tony"]
[Black "Williams, Ron"]
[Result "0-1"]
[WhiteElo "1605"]
[BlackElo "1830"]
[PlyCount "60"]
[EventDate "1998.05.??"]

{5/23} 1. e4 c5 2. Nf3 Nc6 3. d4 cxd4 4. Nxd4 e6 5. Be3 a6 6. Bc4 Nge7 7. O-O
Qc7 8. Bb3 Nxd4 9. Bxd4 Nc6 10. Bc3 b5 11. a3 Bb7 12. Nd2 Rc8 13. Re1 a5 14.
Nf3 b4 15. axb4 axb4 16. Bd2 Be7 17. Bg5 f6 18. Bh4 Bd6 19. Qd2 Bf4 20. Qe2 Ne5
21. Nxe5 Bxe5 22. Bg3 Bxg3 23. hxg3 Qe5 24. Ra7 Bc6 25. Qa6 O-O 26. Qa5 Qd4 27.
Re3 Ra8 28. Rxa8 Rxa8 29. Qc7 Qd1+ 30. Kh2 Qh5+ 0-1

[Event "Michigan Amateur"]
[Site "Kalamazoo "]
[Date "1998.??.??"]
[Round "?"]
[White "Scioly, Tony"]
[Black "Richards, K."]
[Result "1-0"]
[WhiteElo "1605"]
[BlackElo "1605"]
[PlyCount "57"]
[EventDate "1998.07.??"]

{7/18} 1. e4 e5 2. Nf3 Nc6 3. Bb5 Nd4 4. Nxd4 exd4 5. O-O h5 6. d3 a6 7. Bc4 h4
8. Nd2 b5 9. Bb3 Bb7 10. Nf3 h3 11. g3 Bd6 12. e5 Bc5 13. Ng5 d5 14. exd6 Nh6
15. Qh5 Rf8 16. Re1+ Kd7 17. Re7+ Kc8 18. Rxc7+ Kb8 19. Rxc5 Qxd6 20. Bf4 Qxf4
21. gxf4 Bg2 22. Nxf7 Ra7 23. Qe5+ Ka8 24. Bd5+ Bxd5 25. Qxd5+ Rb7 26. Rc7 Rfb8
27. Nd6 Ka7 28. Rxb7+ Rxb7 29. Qxb7# 1-0

[Event "Michigan Amateur"]
[Site "Kalamazoo "]
[Date "1998.??.??"]
[Round "?"]
[White "Scioly, Tony"]
[Black "Lynem, Charles"]
[Result "1/2-1/2"]
[WhiteElo "1605"]
[BlackElo "1605"]
[PlyCount "80"]
[EventDate "1998.07.??"]

{7/18} 1. e4 c6 2. d4 d5 3. exd5 cxd5 4. c4 Nf6 5. Nc3 e6 6. Nf3 Bb4 7. Bd3 Nc6
8. O-O h6 9. a3 Bxc3 10. bxc3 O-O 11. Re1 Re8 12. cxd5 Nxd5 13. c4 Nf6 14. Rb1
Kh8 15. Bb2 b6 16. d5 Na5 17. Ne5 Kg8 18. Qf3 Bb7 19. Ng4 Nxg4 20. Qxg4 Qg5 21.
Qxg5 hxg5 22. dxe6 Rxe6 23. Rxe6 fxe6 24. Bc3 Rd8 25. Be2 Be4 26. Re1 Nc6 27.
f3 Bd3 28. Bxd3 Rxd3 29. Bb4 Nxb4 30. axb4 Rd4 31. Rc1 a5 32. bxa5 bxa5 33. c5
a4 34. c6 Rd8 35. c7 Rc8 36. Kf2 a3 37. Kg3 a2 38. Kg4 Rxc7 39. Ra1 Rc2 40. Kg3
Kf7 1/2-1/2

[Event "Michigan Open Reserve"]
[Site "Flint, MI"]
[Date "1998.??.??"]
[Round "?"]
[White "Scioly, Tony"]
[Black "June, Brian"]
[Result "1/2-1/2"]
[WhiteElo "1605"]
[BlackElo "1775"]
[PlyCount "128"]
[EventDate "1998.09.??"]

1. e4 c5 2. Nf3 Nc6 3. d4 cxd4 4. Nxd4 d6 5. Bc4 e5 6. Nf3 Be7 7. O-O Nf6 8.
Nc3 O-O 9. Re1 Bg4 10. h3 Bxf3 11. Qxf3 Nd4 12. Qd3 Nd7 13. Be3 Nc5 14. Qd2 Bf6
15. Bxd4 exd4 16. Nb5 Re8 17. Nxd4 Rxe4 18. Rxe4 Nxe4 19. Qd3 d5 20. Bb3 Qb6
21. c3 Nc5 22. Qf3 Nxb3 23. Nxb3 Rd8 24. Re1 g6 25. Re2 Kg7 26. g3 a5 27. Kg2
a4 28. Nc1 d4 29. cxd4 Rxd4 30. Nd3 Qb5 31. Nf4 Rd7 32. b3 axb3 33. Qxb3 Qc6+
34. Qf3 Qc4 35. Qb3 Qd4 36. Qe3 Qxe3 37. Rxe3 Rd2 38. Re2 Rd4 39. h4 b5 40. Nh3
h6 41. Ng1 Ra4 42. Nf3 b4 43. Rc2 Ra3 44. Nd2 Rd3 45. Nb3 Rc3 46. Rxc3 bxc3 47.
Kf1 c2 48. Ke2 Bb2 49. Kd2 f5 50. a4 Be5 51. Kxc2 f4 52. gxf4 Bxf4 53. a5 g5
54. hxg5 h5 55. a6 Bb8 56. f4 h4 57. Nd2 h3 58. Nf3 Kg6 59. Kd2 Bxf4+ 60. Ke2
Bb8 61. Kd3 h2 62. Nxh2 Kxg5 63. Kc4 Kf6 64. Kb5 Ba7 1/2-1/2

[Event "Michigan Amateur"]
[Site "Kalamazoo "]
[Date "1998.??.??"]
[Round "?"]
[White "Scioly, Tony"]
[Black "Jackson, Don"]
[Result "1-0"]
[WhiteElo "1605"]
[BlackElo "1605"]
[PlyCount "25"]
[EventDate "1998.07.??"]

{7/19} 1. e4 e5 2. Nf3 d6 3. d4 f6 4. Bc4 Ne7 5. O-O c6 6. dxe5 fxe5 7. Bg5 b5
8. Bb3 c5 9. Bd5 Qc7 10. Bxa8 Nd7 11. Nc3 Nb6 12. Nxb5 Qb8 13. Nxd6+ 1-0

[Event "U.S. Amateur North"]
[Site "Detroit, MI"]
[Date "1998.??.??"]
[Round "?"]
[White "Scioly, Tony"]
[Black "Hayley, Robert"]
[Result "1-0"]
[WhiteElo "1605"]
[BlackElo "1605"]
[PlyCount "51"]
[EventDate "1998.05.??"]

{5/23} 1. e4 e5 2. Nf3 Nc6 3. Bb5 Nf6 4. O-O Nxe4 5. d4 Qe7 6. Re1 d5 7. Nxe5
Bd7 8. Nxc6 Bxc6 9. Bxc6+ bxc6 10. f3 Qf6 11. fxe4 Be7 12. Nc3 O-O 13. exd5
Rad8 14. Qg4 cxd5 15. Bg5 Qxg5 16. Qxg5 Bxg5 17. Re5 Bf6 18. Rxd5 Rxd5 19. Nxd5
Bxd4+ 20. Kf1 Bxb2 21. Rb1 Be5 22. g3 Rd8 23. Ne7+ Kh8 24. Nc6 Re8 25. Nxe5
Rxe5 26. Rb8+ 1-0

[Event "Michigan Amateur"]
[Site "Kalamazoo "]
[Date "1998.??.??"]
[Round "?"]
[White "Scioly, Tony"]
[Black "Griffin, John"]
[Result "1/2-1/2"]
[WhiteElo "1605"]
[BlackElo "1605"]
[PlyCount "134"]
[EventDate "1998.07.??"]

{7/19} 1. d4 Nf6 2. c4 e6 3. Nc3 Bb4 4. a3 Bxc3+ 5. bxc3 c5 6. e3 b6 7. Bd3 Nc6
8. Ne2 Ba6 9. Ng3 Na5 10. Qe2 Qc7 11. O-O cxd4 12. cxd4 Bxc4 13. Bb2 Bxd3 14.
Qxd3 Qc4 15. Rfd1 Qxd3 16. Rxd3 Nc4 17. Bc1 d5 18. Nf1 Rc8 19. Nd2 Kd7 20. Kf1
Rc6 21. Ke2 Rhc8 22. f3 Nxe3 23. Kxe3 Rxc1 24. Rxc1 Rxc1 25. h3 Kc6 26. Rb3 a6
27. f4 b5 28. Rd3 h6 29. Nb3 Rc2 30. g3 Ne4 31. Kf3 Rc3 32. Rxc3+ Nxc3 33. Nc5
a5 34. Nb3 a4 35. Na1 Ne4 36. g4 Nd2+ 37. Ke2 Nc4 38. Nc2 f6 39. Kd3 Kd6 40. h4
e5 41. f5 e4+ 42. Kc3 Kc6 43. Nb4+ Kd6 44. Nc2 Ke7 45. h5 Kd6 46. Kb4 Kc6 47.
Kc3 Nb6 48. Nb4+ Kd6 49. Nc2 Nc8 50. Kb4 Kc6 51. Kc3 Ne7 52. Nb4+ Kd6 53. Nc2
Nc6 54. Ne3 Nd8 55. Nc2 Nf7 56. Kd2 Ng5 57. Ke3 Nf3 58. Ke2 Nxd4+ 59. Nxd4 Ke5
60. Ke3 b4 61. Nc6+ Kd6 62. Nxb4 Kc5 63. Nc2 Kc4 64. Nb4 Kc5 65. Nc2 Kc4 66.
Nd4 Kc3 67. Nb5+ Kc4 1/2-1/2

[Event "Michigan Amateur"]
[Site "Kalamazoo "]
[Date "1998.??.??"]
[Round "?"]
[White "Schulte, Michael"]
[Black "Williams, Ken"]
[Result "1/2-1/2"]
[WhiteElo "1605"]
[BlackElo "1950"]
[PlyCount "146"]
[EventDate "1998.07.??"]

{7/18} 1. d4 Nf6 2. Nf3 g6 3. g3 Bg7 4. Bg2 O-O 5. O-O d6 6. c4 Nbd7 7. Nc3 c6
8. e4 Qc7 9. Qe2 e5 10. d5 c5 11. Rb1 Ne8 12. Rd1 Qd8 13. Bd2 h6 14. a3 Kh7 15.
Ne1 Ndf6 16. h3 Ng8 17. Nd3 f5 18. Rf1 Nef6 19. b4 b6 20. Rb3 a6 21. bxc5 bxc5
22. Rfb1 fxe4 23. Nxe4 Nxe4 24. Bxe4 Bxh3 25. g4 Qh4 26. Bxg6+ Kxg6 27. Qe4+
Kf7 28. Rb7+ Ne7 29. Qf5+ Kg8 30. Qe6+ Rf7 31. Rb8+ Rxb8 32. Rxb8+ Kh7 33. Bxh6
Rf6 34. Bxg7 Rxe6 35. Rh8+ Kxg7 36. Rxh4 Rh6 37. Rxh6 Kxh6 38. f3 Kg5 39. Nf2
Kh4 40. Ne4 Nc8 41. Kf2 a5 42. a4 Bxg4 43. fxg4 Kxg4 44. Ke3 Kf5 45. Kf3 Kg6
46. Kg4 Kf7 47. Kf5 Ke7 48. Nd2 Nb6 49. Ke4 Kf6 50. Kd3 Nxa4 51. Nb3 Nb2+ 52.
Kc3 a4 53. Nd2 Nd1+ 54. Kc2 Nf2 55. Kb2 e4 56. Ka3 Ke5 57. Kxa4 Kd4 58. Kb5 Kd3
59. Nb3 e3 60. Nxc5+ Kc2 61. Ne6 Ne4 62. Kc6 Kd3 63. c5 dxc5 64. d6 Nxd6 65.
Nxc5+ Kc2 66. Ne6 Nf5 67. Nf4 Kd2 68. Kc5 Ng3 69. Kc4 Nh5 70. Ne6 Nf6 71. Nf4
Ne4 72. Kd4 Ng3 73. Kc4 e2 1/2-1/2

[Event "Michigan Amateur"]
[Site "Kalamazoo "]
[Date "1998.??.??"]
[Round "?"]
[White "Schulte, Michael"]
[Black "Frelander, Marc"]
[Result "1-0"]
[WhiteElo "1605"]
[BlackElo "1605"]
[PlyCount "25"]
[EventDate "1998.07.??"]

{7/19} 1. Nf3 Nc6 2. d4 d5 3. Bf4 Bg4 4. e3 Nf6 5. h3 Bxf3 6. Qxf3 g6 7. c3 Bg7
8. Nd2 O-O 9. Be2 Qe8 10. Qg3 Nh5 11. Bxh5 gxh5 12. Bh6 Ne5 13. Qxg7# 1-0

[Event "Michigan Amateur"]
[Site "Kalamazoo "]
[Date "1998.??.??"]
[Round "?"]
[White "Schulte, Michael"]
[Black "Brown, Dan"]
[Result "1-0"]
[WhiteElo "1605"]
[BlackElo "1850"]
[PlyCount "115"]
[EventDate "1998.07.??"]

{7/19} 1. d4 Nf6 2. Nf3 b6 3. e3 Bb7 4. Bd3 e6 5. O-O c5 6. c3 Be7 7. Nbd2 d5
8. Qe2 Nbd7 9. e4 dxe4 10. Nxe4 h6 11. dxc5 Nxe4 12. Bxe4 Bxe4 13. Qxe4 Nf6 14.
Qc6+ Nd7 15. cxb6 Rc8 16. Qb5 Qxb6 17. Qxb6 Nxb6 18. Bf4 O-O 19. Rac1 f6 20.
Nd4 Kf7 21. Bg3 g6 22. Nb5 e5 23. Rfd1 Rcd8 24. Nxa7 Ra8 25. Nc6 Rxa2 26. Nxe7
Kxe7 27. Rb1 Ke6 28. b3 Nd5 29. Rdc1 Rfa8 30. c4 Nb4 31. f3 Re2 32. Ra1 Raa2
33. Rxa2 Rxa2 34. Rb1 f5 35. Be1 Nd3 36. Bc3 Nf4 37. Kf1 Nxg2 38. Rb2 Ne3+ 39.
Ke2 Rxb2+ 40. Bxb2 Ng2 41. Bc1 g5 42. b4 Nh4 43. b5 Ng6 44. c5 Kd5 45. c6 Kd6
46. Ba3+ Kc7 47. Bc5 Nf4+ 48. Kd2 Ne6 49. Ba7 h5 50. Kc3 g4 51. fxg4 hxg4 52.
Kc4 Kd6 53. Bb8+ Ke7 54. Bxe5 f4 55. b6 f3 56. Bg3 Ng5 57. b7 Ne4 58. b8=Q 1-0

[Event "Kalamazoo Mini-Swiss.1"]
[Site "Kalamazoo, MI"]
[Date "1998.??.??"]
[Round "?"]
[White "Schulte, Michael"]
[Black "Anderson, Gale"]
[Result "0-1"]
[WhiteElo "1625"]
[BlackElo "1780"]
[PlyCount "104"]
[EventDate "1998.??.??"]

1. Nf3 d5 2. b4 Bg4 3. Bb2 e6 4. a3 Nf6 5. e3 Nbd7 6. h3 Bh5 7. c4 c6 8. Be2
dxc4 9. Bxc4 b5 10. Be2 a5 11. O-O axb4 12. axb4 Rxa1 13. Bxa1 Bxb4 14. Qb3 Be7
15. Rc1 Qc8 16. Bd4 O-O 17. Nc3 Rd8 18. Bxf6 Bxf6 19. d4 Bg6 20. Nd2 Nb6 21.
Bf3 Nd5 22. Nxd5 exd5 23. Qc3 Rd6 24. Nb3 Bd8 25. Ra1 Qb8 26. Ra6 Bb6 27. Qa1
Rd8 28. Nc5 Bxc5 29. dxc5 Rc8 30. Bg4 f5 31. Bf3 h6 32. Rxc6 Rxc6 33. Bxd5+ Bf7
34. Bxc6 b4 35. Bf3 b3 36. Qb2 Kf8 37. c6 f4 38. exf4 Qxf4 39. Bd1 Bd5 40. Bxb3
Bxc6 41. Qa3+ Ke8 42. Bc2 Qf6 43. Qe3+ Kf8 44. Qc5+ Ke8 45. Qe3+ Kd8 46. Qd3+
Kc7 47. Qg3+ Kb7 48. Qb3+ Ka8 49. Qa3+ Kb7 50. Qb4+ Kc8 51. Qc4 Kd8 52. Qg8+
Ke7 $138 0-1

[Event "U.S. Amateur North"]
[Site "Detroit, MI"]
[Date "1998.??.??"]
[Round "?"]
[White "Schey, Danny"]
[Black "Vaughn, Gerald"]
[Result "1-0"]
[WhiteElo "1735"]
[BlackElo "1605"]
[PlyCount "41"]
[EventDate "1998.05.??"]

{5/24} 1. c4 e5 2. Nc3 Nf6 3. g3 d5 4. cxd5 Nxd5 5. Bg2 Be6 6. Nf3 Nc6 7. Qa4
h6 8. Nxe5 Nxc3 9. bxc3 Bd5 10. Nxc6 bxc6 11. e4 Qe7 12. O-O Bxe4 13. Bxe4 Kd8
14. Rb1 Qc5 15. Qxc6 Qxc6 16. Bxc6 Rc8 17. d4 Bd6 18. Re1 f6 19. c4 Rf8 20. Rb5
a6 21. Rd5 1-0

[Event "U.S. Amateur North"]
[Site "Detroit, MI"]
[Date "1998.??.??"]
[Round "?"]
[White "Schey, Danny"]
[Black "Spencer, Tyrone"]
[Result "1-0"]
[WhiteElo "1735"]
[BlackElo "1605"]
[PlyCount "81"]
[EventDate "1998.05.??"]

{5/23} 1. c4 e5 2. Nc3 Nf6 3. g3 Bb4 4. Nd5 Bc5 5. e3 Nc6 6. Nf3 e4 7. Ng5 Ne5
8. Bg2 Nd3+ 9. Kf1 Nxd5 10. Nxe4 Nf6 11. f4 Nxe4 12. Bxe4 Nxc1 13. Rxc1 O-O 14.
Qh5 h6 15. Qxc5 d6 16. Qd4 c5 17. Qc3 Qe7 18. Bg2 Qd7 19. Kf2 Rb8 20. b4 cxb4
21. Qxb4 b5 22. c5 Bb7 23. Bxb7 Rxb7 24. c6 Qc7 25. cxb7 Qxb7 26. Qxd6 Qa8 27.
Qc6 Qd8 28. d4 Qa5 29. Rc2 Qa4 30. Ra1 Kh7 31. Qd5 Qa3 32. Qc5 Qxc5 33. Rxc5
Rb8 34. Rc7 Kg6 35. Rxa7 b4 36. Rc7 Kf5 37. Kf3 b3 38. axb3 Rxb3 39. Ra6 f6 40.
Rxg7 Rb2 41. g4# 1-0

[Event "Michigan Senior"]
[Site "Ann Arbor, MI"]
[Date "1998.??.??"]
[Round "?"]
[White "Schey, Danny"]
[Black "Schell, Ken"]
[Result "1-0"]
[WhiteElo "1735"]
[BlackElo "1710"]
[PlyCount "95"]
[EventDate "1998.06.??"]

{6/14} 1. c4 Nf6 2. Nc3 c6 3. e4 d5 4. e5 d4 5. exf6 dxc3 6. bxc3 exf6 7. d4
Bd6 8. Bd3 O-O 9. Ne2 Re8 10. O-O Nd7 11. Qc2 Nf8 12. Ng3 g6 13. Ne4 Bf5 14.
Re1 Bxe4 15. Rxe4 Rxe4 16. Bxe4 f5 17. Bf3 Qe7 18. Bd2 Re8 19. g3 Qf6 20. h4 f4
21. Kg2 h6 22. Rb1 Re7 23. Qa4 Qf5 24. Qb3 g5 25. g4 Qc8 26. h5 Nh7 27. Bd1 Kg7
28. f3 f5 29. Qc2 Rf7 30. c5 Bb8 31. c4 Qe6 32. Bc3 Kg8 33. Qd3 Qe3 34. Qxe3
fxe3 35. gxf5 Bf4 36. d5 Nf6 37. Bxf6 Rxf6 38. Rxb7 cxd5 39. cxd5 Ra6 40. d6
Rxa2+ 41. Kf1 Rf2+ 42. Kg1 Bh2+ 43. Kh1 Rf1+ 44. Kxh2 Rxd1 45. Re7 Rd2+ 46. Kg3
Rd3 47. d7 e2 48. Kf2 1-0

[Event "Michigan Senior"]
[Site "Ann Arbor, MI"]
[Date "1998.??.??"]
[Round "?"]
[White "Schey, Danny"]
[Black "Mandell, Ed"]
[Result "1-0"]
[WhiteElo "1735"]
[BlackElo "1605"]
[PlyCount "113"]
[EventDate "1998.06.??"]

{6/13} 1. c4 Nf6 2. Nc3 d5 3. cxd5 Nxd5 4. g3 Nxc3 5. bxc3 a6 6. Bg2 Nd7 7. d4
c5 8. Nf3 Nb6 9. Rb1 Bf5 10. Rb2 Be4 11. Qb3 Nd7 12. Ng5 e6 13. Nxe4 b5 14. Bf4
c4 15. Qc2 Nb6 16. O-O Ba3 17. Rbb1 Nd5 18. Bc1 Qa5 19. Bxa3 Qxa3 20. Qb2 Qe7
21. Nc5 O-O 22. e4 Nc7 23. f4 Rad8 24. Qe2 f5 25. exf5 Rxf5 26. Ne4 h6 27. Bh3
Rff8 28. Nc5 Rd6 29. f5 Nd5 30. Qe1 exf5 31. Qxe7 Nxe7 32. Bg2 Rff6 33. Rbe1
Kf7 34. Re5 g6 35. Rfe1 Nc6 36. Bxc6 Rxc6 37. Re7+ Kg8 38. Re8+ Rf8 39. Rxf8+
Kxf8 40. Re6 Rxe6 41. Nxe6+ Ke7 42. Nc7 b4 43. cxb4 Kd6 44. Nxa6 Kd5 45. Kf2
Kxd4 46. Nc5 c3 47. Ke2 Kc4 48. a3 h5 49. Kd1 g5 50. Kc2 h4 51. gxh4 gxh4 52.
Nd3 Kd4 53. b5 Kd5 54. Kxc3 Ke4 55. b6 f4 56. Nxf4 Kxf4 57. b7 1-0

[Event "Michigan Senior"]
[Site "Ann Arbor, MI"]
[Date "1998.??.??"]
[Round "?"]
[White "Schell, Ken"]
[Black "Richter, William"]
[Result "1-0"]
[WhiteElo "1710"]
[BlackElo "1605"]
[PlyCount "94"]
[EventDate "1998.06.??"]

{6/14} 1. e4 c5 2. Nf3 d6 3. d4 cxd4 4. Nxd4 Nf6 5. Nc3 a6 6. Be2 g6 7. O-O Bg7
8. Be3 O-O 9. f4 Nc6 10. Bf3 Bd7 11. Qe2 Qc7 12. Rad1 Rfd8 13. g4 h5 14. gxh5
gxh5 15. f5 Ng4 16. Bxg4 hxg4 17. Qxg4 Ne5 18. Qg3 Kh7 19. Rf4 Bf6 20. Qh3+ Kg7
21. Nd5 Qb8 22. Nxf6 exf6 23. Rh4 Kf8 24. Rh6 Ke7 25. Qh4 Rg8+ 26. Kh1 Ng4 27.
Rxf6 Nxf6 28. Bg5 Rxg5 29. Qxg5 Qc7 30. Qf4 Re8 31. Nf3 Bc6 32. Ng5 Bxe4+ 33.
Nxe4 Nxe4 34. Qxe4+ Kf8 35. Qd4 Rd8 36. Qh8+ Ke7 37. f6+ Kd7 38. Qh3+ Kc6 39.
Qc3+ Kd7 40. Qxc7+ Kxc7 41. Re1 Kc6 42. Re7 Rd7 43. Re8 d5 44. Rf8 Kd6 45. Re8
Kc6 46. Rc8+ Kd6 47. Re8 Kc6 1-0

[Event "Michigan Senior"]
[Site "Ann Arbor, MI"]
[Date "1998.??.??"]
[Round "?"]
[White "Schell, Ken"]
[Black "Moyle, Jim"]
[Result "1-0"]
[WhiteElo "1710"]
[BlackElo "1605"]
[PlyCount "69"]
[EventDate "1998.06.??"]

{6/13} 1. e4 e5 2. Nf3 Nc6 3. Bb5 Qf6 4. O-O a6 5. Bxc6 dxc6 6. d4 Be6 7. dxe5
Qg6 8. Nc3 Be7 9. Bf4 Bh3 10. Bg3 Bg4 11. Qd3 Rd8 12. Qe3 Nh6 13. Nh4 Qh5 14.
Nf3 b6 15. Rad1 O-O 16. Ne2 g5 17. Ned4 Bxf3 18. gxf3 g4 19. Nxc6 Bc5 20. Qc3
Rxd1 21. Rxd1 gxf3 22. b4 Ng4 23. bxc5 Re8 24. Qxf3 Re6 25. Nd4 Rg6 26. Nf5 h6
27. Ne7+ Kh7 28. Nxg6 Qxg6 29. cxb6 cxb6 30. Qf5 h5 31. Qxg6+ Kxg6 32. Rd6+ Kg7
33. h3 Nh6 34. Rxb6 a5 35. Bf4 1-0

[Event "U.S. Amateur North"]
[Site "Detroit, MI"]
[Date "1998.??.??"]
[Round "?"]
[White "Schell, Ken"]
[Black "Grant, Marco"]
[Result "0-1"]
[WhiteElo "1710"]
[BlackElo "1605"]
[PlyCount "78"]
[EventDate "1998.05.??"]

{5/24} 1. e4 c5 2. Nf3 d6 3. d4 cxd4 4. Nxd4 Nf6 5. Nc3 a6 6. Be2 b5 7. Bg5 b4
8. Bxf6 bxc3 9. Bg5 cxb2 10. Rb1 Qa5+ 11. Qd2 Qxa2 12. O-O Qa3 13. Bf3 e5 14.
Nb3 f6 15. Be3 Be6 16. Qc3 Be7 17. Rxb2 Qa4 18. Ra1 Qd7 19. Bh5+ g6 20. Be2 O-O
21. f4 f5 22. fxe5 dxe5 23. Rd1 Qc6 24. Qxc6 Nxc6 25. Bf3 f4 26. Nc5 Bc8 27.
Bf2 Rd8 28. Rxd8+ Nxd8 29. Nd3 Nf7 30. g3 g5 31. gxf4 gxf4 32. Be1 Ng5 33. Kf2
Nf7 34. Ke2 Bd8 35. c4 Bc7 36. c5 a5 37. Ra2 Ba6 38. Kd2 Bxd3 39. Kxd3 a4 $138
0-1

[Event "U.S. Amateur North"]
[Site "Detroit, MI"]
[Date "1998.??.??"]
[Round "?"]
[White "Schell, Ken"]
[Black "Biondo, Albert"]
[Result "1-0"]
[WhiteElo "1710"]
[BlackElo "1605"]
[PlyCount "69"]
[EventDate "1998.05.??"]

{5/23} 1. e4 c5 2. Nf3 Nc6 3. d4 cxd4 4. Nxd4 g6 5. Nc3 Bg7 6. Be3 Nf6 7. f3
Ne5 8. Qd2 e6 9. O-O-O O-O 10. Kb1 b6 11. h3 a5 12. f4 Nc6 13. Nxc6 Qc7 14.
Ne7+ Kh8 15. Nxc8 Rfxc8 16. e5 Nd5 17. Nxd5 exd5 18. Bb5 a4 19. a3 Ra5 20. Bd3
Bf8 21. Bd4 Kg8 22. Rhe1 b5 23. c3 Rb8 24. g4 Bxa3 25. bxa3 Qd8 26. Bc5 Qh4 27.
Bb4 Ra7 28. Qe3 Rab7 29. Bf1 f5 30. gxf5 gxf5 31. Rxd5 Kf7 32. Red1 Ke8 33. e6
dxe6 34. Qxe6+ Re7 35. Qg8# 1-0

[Event "Michigan Open Reserve"]
[Site "Flint, MI"]
[Date "1998.??.??"]
[Round "?"]
[White "Saylor, Oliver"]
[Black "Scioly, Tony"]
[Result "0-1"]
[WhiteElo "1605"]
[BlackElo "1605"]
[PlyCount "120"]
[EventDate "1998.09.??"]

1. e4 c5 2. Nf3 d6 3. Bc4 e6 4. O-O Nf6 5. Re1 Nc6 6. c3 Be7 7. d4 cxd4 8. cxd4
O-O 9. Nc3 Bd7 10. Nb5 a6 11. Nxd6 b5 12. Bb3 Bxd6 13. e5 Bb4 14. exf6 Bxe1 15.
fxg7 Bxf2+ 16. Kxf2 Re8 17. Ng5 Qf6+ 18. Kg1 Qxd4+ 19. Kf1 Qxd1+ 20. Bxd1 f6
21. Ne4 Kxg7 22. Bf3 Re7 23. Nc5 Rc8 24. Nxa6 Nd4 25. Be4 Bc6 26. Bd3 Nc2 27.
Bxc2 Bxg2+ 28. Kxg2 Rxc2+ 29. Kg1 Rd7 30. Be3 Re2 31. Nc5 Rd6 32. Bf2 Rdd2 33.
Be1 Rxb2 34. a3 Rg2+ 35. Kf1 Rxh2 36. Kg1 Rhe2 37. Nd3 Ra2 38. Rxa2 Rxa2 39.
Bb4 Kg6 40. Nc5 e5 41. Ne6 Rc2 42. Nf8+ Kg7 43. Ne6+ Kf7 44. Nf8 h5 45. Nd7 Ke6
46. Nc5+ Kd5 47. Nd7 Ke6 48. Nc5+ Kf5 49. Nb7 e4 50. Nd6+ Kf4 51. Nxb5 e3 52.
Nd4 Ra2 53. Ne6+ Kg3 54. Bd6+ Kh3 55. Nf4+ Kg4 56. Kf1 h4 57. Ng2 h3 58. Nxe3+
Kf3 59. Nd1 Rd2 60. Ke1 Rxd6 0-1

[Event "Michigan Open Reserve"]
[Site "Flint, MI"]
[Date "1998.??.??"]
[Round "?"]
[White "Saylor, Oliver"]
[Black "Russell, Scott"]
[Result "1-0"]
[WhiteElo "1605"]
[BlackElo "1605"]
[PlyCount "69"]
[EventDate "1998.09.??"]

1. e4 d5 2. exd5 Nf6 3. Nf3 e6 4. dxe6 Bxe6 5. d3 Bc5 6. Be2 O-O 7. Be3 Bxe3 8.
fxe3 Ng4 9. Qd2 c6 10. h3 Nf6 11. Nc3 Nbd7 12. Ng5 Nd5 13. h4 Qc7 14. Nxe6 Qg3+
15. Kd1 Nxe3+ 16. Kc1 fxe6 17. Rh3 Qxg2 18. Qxe3 Kh8 19. b3 b5 20. Kb2 b4 21.
Rg1 bxc3+ 22. Kxc3 Qd5 23. Bf3 Qa5+ 24. Kb2 Rab8 25. Qd4 Rf7 26. Rhg3 e5 27.
Qd6 Qb6 28. Bh5 Nc5 29. Bxf7 Na4+ 30. Kc1 Nc3 31. Qxe5 Nxa2+ 32. Kb2 Rg8 33.
Bxg8 Qb7 34. Rxg7 Qc8 35. Rc7# 1-0

[Event "Michigan Amateur"]
[Site "Kalamazoo "]
[Date "1998.??.??"]
[Round "?"]
[White "Saylor, Oliver"]
[Black "Nolan, Dan"]
[Result "1-0"]
[WhiteElo "1605"]
[BlackElo "1605"]
[PlyCount "57"]
[EventDate "1998.07.??"]

{7/19} 1. e4 c5 2. Nf3 Nc6 3. c3 d6 4. d4 cxd4 5. cxd4 g6 6. Bc4 Bg7 7. Be3 Nf6
8. Nbd2 O-O 9. h3 Qa5 10. Qc2 d5 11. exd5 Nxd5 12. O-O Ncb4 13. Qb3 Nxe3 14.
fxe3 b6 15. Ne5 Bxe5 16. Bxf7+ Kg7 17. dxe5 Qxe5 18. Qxb4 Rxf7 19. Rxf7+ Kxf7
20. Rf1+ Kg7 21. Nc4 Qe4 22. Qc3+ Kh6 23. Rf4 Qb1+ 24. Kh2 g5 25. Rf7 Qe4 26.
Qg7+ Kh5 27. g4+ Bxg4 28. hxg4+ Kxg4 29. Ne5+ 1-0